000 02840nam0a2200373 4500
001 RU\NLR\BIBL_A\012241618
005 20220330134452.0
010 _a978-5-7677-2993-7
_9100
021 _aRU
_bКН-П-20-002399
_9КН-П-20-0162
035 _a(NLR Aleph) 012241618
035 _a(RuMoRGB)010232380
090 _a11034231
_c11034231
100 _a20200310d2019 u y0rusy50 ca
101 0 _arus
102 _aRU
105 _aa zzjz0|000zy
181 0 _ai
_baxxe
182 0 _an
200 1 _aИнгредиенты резиновых смесей
_eучебное пособие
_e[для студентов бакалавриата направлений подготовки 04.03.01 - "Химия" (профили "Высокомолекулярные соединения" и "Промышленная химия высокомолекулярных соединений"0 И 18.03.01 - "Химическая технология" (профили "Технология и переработка полимеров" и "Технология и переработка полимеров и композитов")]
_fЕ. Н. Егоров, Н. Ф. Ушмарин, В. А. Данилов, Н. И. Кольцов
_g[ответственный редактор: д-р хим. наук, профессор Н. И. Кольцов]
_gМинистерство науки и высшего образования Российской Федерации, Федеральное государственное бюджетное образовательное учреждение высшего образования "Чувашский государственный университет имени И. Н. Ульянова"
203 _aТекст
_bвизуальный
_cнепосредственный
210 _aЧебоксары
_cИзд-во Чувашского университета
_d2019
215 _a119 с.
_cил., табл.
_d20
320 _aБиблиогр.: с. 118 (13 назв.)
606 1 _aРезиновые смеси
_xИнгредиенты
_jУчебные издания для высших учебных заведений
_2nlr_sh1
_2nlr_sh2
_3RU\NLR\AUTH\6659883
686 1 _aЛ728-3я73-1
701 1 _aЕгоров
_bЕ. Н.
_cканд. хим. наук
_gЕвгений Николаевич
_3RU\NLR\AUTH\770218040
701 1 _aУшмарин
_bН. Ф.
_gНиколай Филиппович
701 1 _aДанилов
_bВ. А.
_cканд. хим. наук, физическая химия
_f1976-
_gВладимир Александрович
_3RU\NLR\AUTH\770186186
701 1 _aКольцов
_bН. И.
_gНиколай Иванович
942 _cBOOK
980 _aNBR
980 _aNB